| 000 | 00725nam a2200253Ia 4500 | ||
|---|---|---|---|
| 003 | OSt | ||
| 005 | 20221005115231.0 | ||
| 006 | a|||||r|||| 00| 0 | ||
| 007 | ta | ||
| 008 | 221004b |||||||| |||| 00| 0 eng d | ||
| 024 | _a67097 | ||
| 037 | _cTextual | ||
| 040 |
_aCRL _cCRL _beng |
||
| 041 |
_2eng _aeng |
||
| 082 | _aV3:8-1:N5, K1 | ||
| 100 |
_aScuhuyler Robert Livingston _9627300 |
||
| 245 | 0 | _aCardinal documents in British history | |
| 260 | _c1961 | ||
| 490 | _aAnvil original ed by Louis L snyder. | ||
| 650 | _aHISTORY | ||
| 700 |
_a Weston Corinne Costock _9627301 |
||
| 942 |
_hV3:8-1:N5, K1 _cTEXL _2cc |
||
| 999 |
_c1033883 _d1033883 |
||